[Event "TUR Cup"]
[Site "Antalya"]
[Date "2020.01.30"]
[Round "7"]
[White "Kalender, Murat Emre"]
[Black "Erdeve, Esat"]
[Result "1-0"]
[WhiteElo "1618"]
[BlackElo "1593"]
[PlyCount "119"]
[EventDate "2020.01.26"]
[EventType "swiss"]
[EventRounds "11"]
[EventCountry "TUR"]
[SourceTitle "CBM 194 Extra"]
[Source "ChessBase"]
[SourceDate "2020.03.31"]
[SourceVersion "1"]
[SourceVersionDate "2020.03.31"]
[SourceQuality "1"]

1. d4 Nf6 2. Nc3 d5 3. Bf4 e6 4. e3 Bd6 5. Bg3 a6 6. Nf3 0-0 7. Bd3 Nbd7 8. 0-0 Bxg3 9. hxg3 c5 10. Ne5 c4 11. Be2 Nxe5 12. dxe5 Nd7 13. Qd4 Qg5 14. e4 dxe4 15. Qxe4 Qxe5 16. Bxc4 Qxe4 17. Nxe4 b5 18. Be2 Bb7 19. Bf3 Bxe4 20. Bxe4 Rac8 21. c3 Nc5 22. Bc2 Rfd8 23. Rfd1 g6 24. Kf1 f5 25. b4 Nb7 26. Rxd8+ Rxd8 27. Bb3 Kf7 28. Re1 Rd6 29. c4 bxc4 30. Bxc4 Kf6 31. Re3 e5 32. Ra3 Ke7 33. Rxa6 Kd7 34. Rxd6+ Nxd6 35. Bd3 e4 36. Be2 Nf7 37. Ke1 Ne5 38. Kd2 g5 39. Kc3 Kd6 40. a4 f4 41. gxf4 gxf4 42. Kd4 f3 43. gxf3 exf3 44. Bd3 Ng4 45. Bxh7 Nxf2 46. Ke3 Nh3 47. Bf5 Ng5 48. Bg4 Nf7 49. Bxf3 Ne5 50. a5 Kc7 51. Be4 Nc4+ 52. Kd4 Nd6 53. Bd5 Nb5+ 54. Kc5 Na7 55. b5 Kb8 56. b6 Nc8 57. a6 Na7 58. bxa7+ Kxa7 59. Kb5 Kb8 60. Kb6 1-0

[Event "TUR Cup"]
[Site "Antalya"]
[Date "2020.01.29"]
[Round "5"]
[White "Mizirakci, Yucel"]
[Black "Erdeve, Esat"]
[Result "0-1"]
[WhiteElo "1715"]
[BlackElo "1593"]
[PlyCount "86"]
[EventDate "2020.01.26"]
[EventType "swiss"]
[EventRounds "11"]
[EventCountry "TUR"]
[SourceTitle "CBM 194 Extra"]
[Source "ChessBase"]
[SourceDate "2020.03.31"]
[SourceVersion "1"]
[SourceVersionDate "2020.03.31"]
[SourceQuality "1"]

1. e4 c5 2. f4 d5 3. exd5 Qxd5 4. Nc3 Qd8 5. Bb5+ Bd7 6. Bxd7+ Nxd7 7. Nf3 Ngf6 8. d3 e6 9. 0-0 Be7 10. Ng5 h6 11. Nge4 0-0 12. Qf3 Nxe4 13. dxe4 c4 14. Kh1 Bb4 15. Rd1 Qe7 16. e5 Bxc3 17. Qxc3 Nb6 18. Qf3 Rfd8 19. Be3 Nd5 20. Bd4 Rac8 21. c3 b5 22. Rf1 b4 23. f5 exf5 24. Qxf5 bxc3 25. bxc3 Qe6 26. Qh5 a6 27. Rf2 Rb8 28. Raf1 Rd7 29. g3 Nc7 30. Kg1 Nb5 31. Rf6 gxf6 32. Rxf6 Nxd4 33. cxd4 Qd5 34. Rf4 Rb6 35. Rg4+ Kf8 36. Qf5 Rb2 37. Re4 Qe6 38. Qh5 Rdb7 39. Qh4 Rb8 40. d5 Qb6+ 41. Kh1 Rxa2 42. Re1 Qe3 43. g4 Qf3+ 0-1

[Event "TUR Cup"]
[Site "Antalya"]
[Date "2020.01.27"]
[Round "3"]
[White "Mentese, Emrah"]
[Black "Erdeve, Esat"]
[Result "1/2-1/2"]
[WhiteElo "1165"]
[BlackElo "1593"]
[PlyCount "127"]
[EventDate "2020.01.26"]
[EventType "swiss"]
[EventRounds "11"]
[EventCountry "TUR"]
[SourceTitle "CBM 194 Extra"]
[Source "ChessBase"]
[SourceDate "2020.03.31"]
[SourceVersion "1"]
[SourceVersionDate "2020.03.31"]
[SourceQuality "1"]

1. e4 c5 2. Nf3 Nc6 3. c3 d5 4. exd5 Qxd5 5. Bb5 Bg4 6. Be2 e5 7. d3 Rd8 8. 0-0 Bxf3 9. Bxf3 Qxd3 10. Bxc6+ bxc6 11. Qa4 Qd7 12. Re1 Bd6 13. Bf4 Ne7 14. Be3 0-0 15. Rd1 Nd5 16. Bg5 f6 17. Bh4 Nf4 18. Qc4+ Kh8 19. f3 Qf7 20. Nd2 Qg6 21. Bg3 Nd5 22. Qe4 f5 23. Qe2 Qf6 24. Nc4 f4 25. Bf2 Bb8 26. Bxc5 Rfe8 27. Nd2 Qf5 28. Ne4 Nf6 29. Nxf6 Qxf6 30. Rxd8 Rxd8 31. Rd1 Rd5 32. b4 a5 33. a3 axb4 34. axb4 Qd8 35. Rxd5 Qxd5 36. c4 Qd7 37. Kf2 Ba7 38. Bxa7 Qxa7+ 39. Kf1 Qa1+ 40. Qe1 Qd4 41. Qe2 Kg8 42. b5 cxb5 43. cxb5 Kf8 44. Qf2 Qd6 45. b6 Ke7 46. b7 Qb8 47. Qc5+ Kd7 48. Qd5+ Kc7 49. Qxe5+ Kxb7 50. Qxb8+ Kxb8 51. Ke2 Kc7 52. Kd3 Kd6 53. Ke4 Ke6 54. Kxf4 Kf6 55. Ke4 Ke6 56. g4 Kf6 57. f4 Ke6 58. h4 Kf6 59. Kd5 h5 60. Ke4 hxg4 61. f5 g3 62. Kf3 Kxf5 63. Kxg3 g6 64. Kf3 1/2-1/2

[Event "TUR-chT 2nd League"]
[Site "Konya"]
[Date "2018.07.22"]
[Round "9.12"]
[White "Sungu, Yagiz Kaan"]
[Black "Erdeve, Esat"]
[Result "1-0"]
[WhiteElo "1445"]
[BlackElo "1572"]
[PlyCount "133"]
[EventDate "2018.07.16"]
[EventType "team-swiss"]
[EventRounds "9"]
[EventCountry "TUR"]
[SourceTitle "EXT 2019"]
[Source "ChessBase"]
[SourceDate "2018.10.10"]
[SourceVersion "1"]
[SourceVersionDate "2018.10.10"]
[SourceQuality "1"]
[WhiteTeam "Calli Spor"]
[BlackTeam "Mardin Kale"]
[WhiteTeamCountry "TUR"]
[BlackTeamCountry "TUR"]

1. e4 e6 2. d4 d5 3. Nd2 Nf6 4. e5 Nfd7 5. Bd3 c5 6. c3 Nc6 7. Ne2 cxd4 8. cxd4 Qb6 9. Nf3 f6 10. exf6 Bb4+ 11. Bd2 Bxd2+ 12. Qxd2 Nxf6 13. Ng3 Qb4 14. Qxb4 Nxb4 15. Ne5 Nd7 16. Bb1 Nxe5 17. dxe5 g6 18. 0-0 Bd7 19. a3 Nc6 20. f4 Rc8 21. Bd3 Nd4 22. Rac1 Ke7 23. Ne2 Nb3 24. Rc3 Rxc3 25. Nxc3 Rc8 26. g4 Nc5 27. Bb1 d4 28. Ne2 Bb5 29. Kf2 Bd3 30. Bxd3 Nxd3+ 31. Kf3 Nxb2 32. Nxd4 Rc3+ 33. Ke4 Rxa3 34. f5 gxf5+ 35. gxf5 exf5+ 36. Kxf5 Nc4 37. Rg1 Ne3+ 38. Ke4 Kf7 39. Rc1 Ng4 40. Rc7+ Ke8 41. e6 Nf6+ 42. Kf5 Nd5 43. Rxh7 Ne7+ 44. Ke5 Ra5+ 45. Kd6 Nc8+ 46. Kc7 Rc5+ 47. Kxb7 Nd6+ 48. Kxa7 Nb5+ 49. Kb6 Re5 50. Nxb5 Rxe6+ 51. Kc7 Re7+ 52. Rxe7+ Kxe7 53. Nd4 Kf6 54. Kd6 Kg5 55. Nf3+ Kg4 56. h4 Kf5 57. Ke7 Kg6 58. Ke6 Kh6 59. Kf6 Kh7 60. Kg5 Kg7 61. Nd4 Kh7 62. Ne6 Kg8 63. Kg6 Kh8 64. Ng5 Kg8 65. Nf7 Kf8 66. h5 Kg8 67. h6 1-0

[Event "TUR-chT 2nd League"]
[Site "Konya"]
[Date "2018.07.18"]
[Round "4.8"]
[White "Erdeve, Esat"]
[Black "Karaca, Abdulkadir"]
[Result "1-0"]
[WhiteElo "1572"]
[BlackElo "1770"]
[PlyCount "41"]
[EventDate "2018.07.16"]
[EventType "team-swiss"]
[EventRounds "9"]
[EventCountry "TUR"]
[SourceTitle "EXT 2019"]
[Source "ChessBase"]
[SourceDate "2018.10.10"]
[SourceVersion "1"]
[SourceVersionDate "2018.10.10"]
[SourceQuality "1"]
[WhiteTeam "Mardin Kale"]
[BlackTeam "Konya Erkin"]
[WhiteTeamCountry "TUR"]
[BlackTeamCountry "TUR"]

1. e4 c5 2. Nf3 d6 3. d4 cxd4 4. Nxd4 Nf6 5. Nc3 a6 6. Be2 g6 7. Be3 Bg7 8. f3 Nbd7 9. Qd2 Qc7 10. g4 Ne5 11. g5 Nfd7 12. Nd5 Qd8 13. f4 Nc6 14. 0-0-0 0-0 15. f5 Nxd4 16. Bxd4 Bxd4 17. Qxd4 e5 18. fxe6 Qxg5+ 19. Kb1 Ne5 20. e7 Re8 21. h4 1-0

[Event "Manavgat Turkey Cup"]
[Site "Manavgat"]
[Date "2015.02.03"]
[Round "6"]
[White "Erdeve, Esat"]
[Black "Fazla, Onder Zafer"]
[Result "1-0"]
[WhiteElo "1673"]
[BlackElo "1806"]
[PlyCount "107"]
[EventDate "2015.01.31"]
[EventType "swiss"]
[EventRounds "11"]
[EventCountry "TUR"]
[SourceTitle "CBM 164 Extra"]
[Source "ChessBase"]
[SourceDate "2015.03.02"]
[SourceVersion "1"]
[SourceVersionDate "2015.03.02"]
[SourceQuality "1"]

1. Nf3 d5 2. g3 Nf6 3. Bg2 c6 4. 0-0 Nbd7 5. d3 e6 6. Nbd2 Be7 7. e4 dxe4 8. Nxe4 0-0 9. Re1 Nc5 10. Nxc5 Bxc5 11. d4 Bd6 12. c3 h6 13. Qc2 Re8 14. Ne5 Qc7 15. Nc4 Nd5 16. Nxd6 Qxd6 17. a3 b5 18. a4 b4 19. c4 Ne7 20. Be3 a5 21. Rad1 Bb7 22. b3 Rad8 23. Be4 Qd7 24. Bf4 f5 25. Bf3 g5 26. Bc1 Ng6 27. Bb2 Kh7 28. Bg2 Qf7 29. Bc1 Qf6 30. Bb2 Qf7 31. Bf3 g4 32. Bg2 h5 33. f3 Nf8 34. fxg4 hxg4 35. h3 Qg6 36. hxg4 Qxg4 37. Kf2 Ng6 38. Rh1+ Kg8 39. Bc1 f4 40. gxf4 Rf8 41. Bf3 Qf5 42. Be4 Qf6 43. Rdg1 Qxd4+ 44. Kf3 Rf6 45. Bxg6 e5 46. Be8+ Kf8 47. Rh8+ Ke7 48. Rg7+ Kd6 49. c5+ Qxc5 50. Qxc5+ Kxc5 51. Be3+ Kd6 52. Rxb7 Ke6 53. Ke4 Rd5 54. Bxc6 1-0

[Event "Manavgat Turkey Cup"]
[Site "Manavgat"]
[Date "2015.02.01"]
[Round "3"]
[White "Demirelli, Ilyas Doguhan"]
[Black "Erdeve, Esat"]
[Result "1-0"]
[WhiteElo "1707"]
[BlackElo "1673"]
[PlyCount "64"]
[EventDate "2015.01.31"]
[EventType "swiss"]
[EventRounds "11"]
[EventCountry "TUR"]
[SourceTitle "CBM 164 Extra"]
[Source "ChessBase"]
[SourceDate "2015.03.02"]
[SourceVersion "1"]
[SourceVersionDate "2015.03.02"]
[SourceQuality "1"]

1. d4 Nf6 2. c4 d6 3. Nc3 Nbd7 4. e4 e5 5. d5 Be7 6. Be3 c6 7. Bd3 0-0 8. f3 h6 9. Nge2 Nh7 10. 0-0 Qc7 11. Ng3 Nc5 12. Bc2 a5 13. a3 Bd7 14. Qd2 Bg5 15. Bxg5 Nxg5 16. Rab1 a4 17. Qd1 cxd5 18. Nxd5 Qd8 19. Qd2 Be6 20. Rfd1 Bxd5 21. Qxd5 Ra6 22. Nf5 Nce6 23. Qxb7 Rb6 24. Qd5 Nf4 25. Qd2 Qc7 26. Ne3 Qd7 27. c5 Ra6 28. Nf5 d5 29. exd5 Qc7 30. c6 Rd8 31. d6 Qa7+ 32. Kh1 Ng6 1-0